<?xml version="1.0" encoding="UTF-8"?>
<record
    xmlns:xsi="http://www.w3.org/2001/XMLSchema-instance"
    xsi:schemaLocation="http://www.loc.gov/MARC21/slim http://www.loc.gov/standards/marcxml/schema/MARC21slim.xsd"
    xmlns="http://www.loc.gov/MARC21/slim">

  <leader>01919nam a22003017a 4500</leader>
  <controlfield tag="003">DO-SdBNP</controlfield>
  <controlfield tag="005">20250702092439.0</controlfield>
  <controlfield tag="007">ta</controlfield>
  <controlfield tag="008">250701b2021    dr c|||| |||| 00| 0 spa d</controlfield>
  <datafield tag="020" ind1=" " ind2=" ">
    <subfield code="a">9789945099867</subfield>
  </datafield>
  <datafield tag="040" ind1=" " ind2=" ">
    <subfield code="a">DO-SdBNP</subfield>
    <subfield code="b">spa</subfield>
    <subfield code="c">BNPHU</subfield>
    <subfield code="e">rda</subfield>
  </datafield>
  <datafield tag="041" ind1=" " ind2=" ">
    <subfield code="h">spa</subfield>
  </datafield>
  <datafield tag="082" ind1=" " ind2=" ">
    <subfield code="a">RD 861.08 </subfield>
    <subfield code="b">T147a</subfield>
    <subfield code="2">22</subfield>
  </datafield>
  <datafield tag="110" ind1="1" ind2=" ">
    <subfield code="a">Taller Literario Carmen Natalia Bonilla</subfield>
    <subfield code="9">87011</subfield>
  </datafield>
  <datafield tag="245" ind1="1" ind2="0">
    <subfield code="a">Antolog&#xED;a poetas petromacorisanas /</subfield>
    <subfield code="c">Taller Literario Carmen Natalia Bonilla ; pr&#xF3;logo, Carlos Segovia Monti ; compilaci&#xF3;n, Ana Teresa Mart&#xED;nez, Aurelia Castillo</subfield>
  </datafield>
  <datafield tag="264" ind1="1" ind2=" ">
    <subfield code="a">San Pedro de Macor&#xED;s :</subfield>
    <subfield code="b">Coalici&#xF3;n Cultural Literaria de San Pedro de Macor&#xED;s,</subfield>
    <subfield code="c">2012.</subfield>
  </datafield>
  <datafield tag="300" ind1=" " ind2=" ">
    <subfield code="a">186 p&#xE1;ginas :</subfield>
    <subfield code="b">retratos</subfield>
    <subfield code="c">21 cm.</subfield>
  </datafield>
  <datafield tag="336" ind1=" " ind2=" ">
    <subfield code="a">texto</subfield>
    <subfield code="b">txt</subfield>
    <subfield code="2">rdacontent</subfield>
  </datafield>
  <datafield tag="337" ind1=" " ind2=" ">
    <subfield code="a">sin mediaci&#xF3;n</subfield>
    <subfield code="b">n</subfield>
    <subfield code="2">rdamedia</subfield>
  </datafield>
  <datafield tag="338" ind1=" " ind2=" ">
    <subfield code="a">volumen</subfield>
    <subfield code="b">nc</subfield>
    <subfield code="2">rdacarrier</subfield>
  </datafield>
  <datafield tag="505" ind1=" " ind2=" ">
    <subfield code="t">Palabras de Ana Gross -- </subfield>
    <subfield code="t">Palabras de Aurelia Castillo -- </subfield>
    <subfield code="t">Palabras de Juan Galv&#xE1;n -- </subfield>
    <subfield code="t">Pr&#xF3;logo -- </subfield>
    <subfield code="g">Amanda Teresa Beltr&#xE9; Reinoso -- </subfield>
    <subfield code="g">Amantina Nolasco </subfield>
    <subfield code="g">Ana del Carmen Grosss </subfield>
    <subfield code="g">Ana Teresa Mart&#xED;nez -- </subfield>
    <subfield code="g">Aurelia Castillo -- </subfield>
    <subfield code="g">Flor A. Jim&#xE9;nez B&#xE1;ez -- </subfield>
    <subfield code="g">Francisco Aurora Ram&#xED;rez de la Cruz -- </subfield>
    <subfield code="g">Lisandra Mari&#xF1;ez -- </subfield>
    <subfield code="g">Lissette Santana -- </subfield>
    <subfield code="g">Mar&#xED;a Farazdel -- </subfield>
    <subfield code="g">Margarita Ozuna -- </subfield>
    <subfield code="g">Maritza P&#xE9;rez -- </subfield>
    <subfield code="g">Ramonita Trinidad -- </subfield>
    <subfield code="g">Odal&#xED;s Mar&#xED;a Cede&#xF1;o de Jes&#xFA;s -- </subfield>
    <subfield code="g">Teresa Ortiz de Machuca -- </subfield>
    <subfield code="g">Liliana Rafaelina Cena Medina -- </subfield>
    <subfield code="g">Yelaina Garc&#xED;a -- </subfield>
    <subfield code="g">Yris Medina Madrigal -- </subfield>
    <subfield code="g">Judith Alay&#xF3;n -- </subfield>
    <subfield code="g">Nurqui Tamara Nurse Alay&#xF3;n /</subfield>
    <subfield code="t">Poetas Extintas --</subfield>
    <subfield code="g">Carmen Natalia Mart&#xED;nez Bonilla -- </subfield>
    <subfield code="g">Hortensia Caldente y Ordo&#xF1;ez -- </subfield>
    <subfield code="g">In&#xE9;s D&#xED;az So&#xF1;&#xE9; -- </subfield>
    <subfield code="g">Gladys Barros -- </subfield>
    <subfield code="g">Ludin lugo /</subfield>
    <subfield code="t">BIBLIOGRAF&#xCD;A /</subfield>
  </datafield>
  <datafield tag="590" ind1=" " ind2=" ">
    <subfield code="a">Inventariado, 2025/ YL</subfield>
  </datafield>
  <datafield tag="700" ind1="1" ind2=" ">
    <subfield code="a">Segovia Monti, Carlos </subfield>
    <subfield code="e">pr&#xF3;logo</subfield>
    <subfield code="4">pr.</subfield>
    <subfield code="9">88230</subfield>
  </datafield>
  <datafield tag="700" ind1="1" ind2=" ">
    <subfield code="a">Mart&#xED;nez, Ana Teresa </subfield>
    <subfield code="e"> compilaci&#xF3;n</subfield>
    <subfield code="4">co.</subfield>
    <subfield code="9">14868</subfield>
  </datafield>
  <datafield tag="700" ind1="1" ind2=" ">
    <subfield code="a">Castillo, Aurelia </subfield>
    <subfield code="e"> compilaci&#xF3;n, </subfield>
    <subfield code="4">co.</subfield>
    <subfield code="9">76355</subfield>
  </datafield>
  <datafield tag="910" ind1=" " ind2=" ">
    <subfield code="a">YLockward</subfield>
  </datafield>
  <datafield tag="942" ind1=" " ind2=" ">
    <subfield code="2">ddc</subfield>
    <subfield code="c">LBS1</subfield>
  </datafield>
  <datafield tag="952" ind1=" " ind2=" ">
    <subfield code="0">0</subfield>
    <subfield code="1">0</subfield>
    <subfield code="2">ddc</subfield>
    <subfield code="5">1</subfield>
    <subfield code="7">0</subfield>
    <subfield code="8">PD</subfield>
    <subfield code="a">BNPHU</subfield>
    <subfield code="b">BNPHU</subfield>
    <subfield code="c">CT</subfield>
    <subfield code="d">2024-12-11</subfield>
    <subfield code="e">Dep&#xF3;sito Legal</subfield>
    <subfield code="l">0</subfield>
    <subfield code="o">BNPHU PD RD 861.08  T147a</subfield>
    <subfield code="p">2025-1125</subfield>
    <subfield code="r">2025-02-21</subfield>
    <subfield code="w">2025-02-21</subfield>
    <subfield code="y">LBS1</subfield>
    <subfield code="z">Autografiado por la compiladora. </subfield>
  </datafield>
  <datafield tag="952" ind1=" " ind2=" ">
    <subfield code="0">0</subfield>
    <subfield code="1">0</subfield>
    <subfield code="2">ddc</subfield>
    <subfield code="5">1</subfield>
    <subfield code="7">0</subfield>
    <subfield code="8">PD</subfield>
    <subfield code="a">BNPHU</subfield>
    <subfield code="b">BNPHU</subfield>
    <subfield code="c">CT</subfield>
    <subfield code="d">2024-12-11</subfield>
    <subfield code="e">Dep&#xF3;sito Legal</subfield>
    <subfield code="l">0</subfield>
    <subfield code="o">BNPHU PD RD861.08  T147a</subfield>
    <subfield code="p">2025-1126</subfield>
    <subfield code="r">2025-02-21</subfield>
    <subfield code="t">e.2</subfield>
    <subfield code="w">2025-02-21</subfield>
    <subfield code="y">LBS1</subfield>
  </datafield>
  <datafield tag="952" ind1=" " ind2=" ">
    <subfield code="0">0</subfield>
    <subfield code="1">0</subfield>
    <subfield code="2">ddc</subfield>
    <subfield code="5">6</subfield>
    <subfield code="7">0</subfield>
    <subfield code="8">DS</subfield>
    <subfield code="a">BNPHU</subfield>
    <subfield code="b">BNPHU</subfield>
    <subfield code="c">CT</subfield>
    <subfield code="d">2024-12-11</subfield>
    <subfield code="e">Dep&#xF3;sito Legal</subfield>
    <subfield code="l">0</subfield>
    <subfield code="o">BNPHU DS RD 861.08  T147a</subfield>
    <subfield code="p">2025-1127</subfield>
    <subfield code="r">2025-02-21</subfield>
    <subfield code="t">e.3</subfield>
    <subfield code="w">2025-02-21</subfield>
    <subfield code="y">LBS1</subfield>
  </datafield>
  <datafield tag="999" ind1=" " ind2=" ">
    <subfield code="c">58166</subfield>
    <subfield code="d">58166</subfield>
  </datafield>
</record>
